• 首页
  • 本馆介绍
  • 公告通知
  • 最新文献
  • 馆藏检索
  • 电子资源
  • 读者荐购
  • 参考咨询
  • CALIS
  • 我的图书馆
  • 登录
  • 详细信息显示
  • 放入我的书架
  • 预约/预借图书
  • 作者相关作品
  • 分类相关作品
  • 丛书相关作品
  • 出版社相关作品

书目信息

  • 表格格式
  • 工作单格式
  • 卡片格式
题名:
建筑钢结构施工组织与管理
    
 
作者: 胡慨 主编
分册:  
出版信息: 北京   中国水利水电出版社  2013
页数: 267页
开本: 26cm
丛书名:
单 册:
中图分类: TU758.11
科图分类:
主题词: 建筑结构--钢结构--工程施工--高等职业教育--教材 , 建筑结构 , 工程施工 , 钢结构
电子资源:
ISBN: 978-7-5170-1207-8
 
 
 
 
 
000 00894nam0 2200265 450
001 141228
005 20141106124723.64
010    @a978-7-5170-1207-8@dCNY 38.00
100    @a20131014d2013 em y0chiy50 ea
101 0  @achi
102    @aCN@b110000
105    @aa z 000yy
200 1  @a建筑钢结构施工组织与管理@9jian zhu gang jie gou shi gong zu zhi yu guan li@b专著@f胡慨主编
210    @a北京@c中国水利水电出版社@d2013
215    @a267页@c图@d26cm
300    @a高职高专教改系列教材
330    @a本书共5个项目,内容包括:轻钢结构厂房工程施工组织设计,轻钢结构桥梁工程施工组织设计,计算机辅助施工组织设计,施工过程中的组织管理和综合实训。
606 0  @a建筑结构@x钢结构@x工程施工@x高等职业教育@j教材
606 0  @a建筑结构
606 0  @a工程施工
606 0  @a钢结构
690    @aTU758.11@v5
701  0 @a胡慨@9hu kai@4主编
801 0  @c20141106
905    @a241430@dTU758.11@eH483
    
    建筑钢结构施工组织与管理/胡慨主编.-北京:中国水利水电出版社,2013
    267页:图;26cm
    高职高专教改系列教材
    
    ISBN 978-7-5170-1207-8:CNY 38.00
    本书共5个项目,内容包括:轻钢结构厂房工程施工组织设计,轻钢结构桥梁工程施工组织设计,计算机辅助施工组织设计,施工过程中的组织管理和综合实训。
●
相关链接 在E读中查询图书 在当当中查询图书 在豆瓣中查询图书


正题名:建筑钢结构施工组织与管理     索取号:TU758.11/H483         预约/预借

序号 登录号 条形码 馆藏地/架位号 状态 备注
1 0837300   208373008   建筑库201/201建筑库 73排2列2层/ [索取号:TU758.11/H483] 在馆    
2 0837301   208373017   建筑库201/201建筑库 73排2列2层/ [索取号:TU758.11/H483] 在馆    
3 0837302   208373026   建筑库201/201建筑库 73排2列2层/ [索取号:TU758.11/H483] 在馆    
河南城建学院图书馆 欢迎您!
大连网信软件有限公司© 版权所有